| 000 | 01062cam a2200241 4500 | ||
|---|---|---|---|
| 001 | WB4023-08 | ||
| 008 | 040617n2004 000 0 eng u | ||
| 035 | _a(Sirsi) u126500 | ||
| 245 | _aHelp save Europe's protected areas | ||
| 260 | _c2004 | ||
| 490 |
_aRICS Geomatics Faculty News _v15 June 2004 (1) |
||
| 520 | _aEU geomatic information initiative has launched the Nature-GIS project. This web-based mapping initiative aims to provide policy/decision makers, environmentalists and natural heritage ground workers with a suite of GI powered tools to help maintain and protect Europe's endangered areas of scientific and ecological interest. The project also aims to establish international networks for information sharing. Nature-GIS website, http://www.gisig.it/nature-gis/. | ||
| 590 | _aWB | ||
| 590 | _aWB | ||
| 650 | _aGIS | ||
| 650 | _aMAPPING | ||
| 650 | _aENVIRONMENTAL PROTECTION | ||
| 650 | _aENVIRONMENTAL MONITORING | ||
| 650 | _aNATURAL ENVIRONMENT | ||
| 650 | _aENVIRONMENTALISTS | ||
| 690 |
_aGEOMATICS _96242 |
||
| 942 | _n0 | ||
| 999 |
_c117535 _d117535 |
||